00772nam a2200181 a 4500003000200000005001700002008004100019050002800060100002800088245012400116260009000240300004000330504004100370650005100411650004400462650003900506650004500545020250609114150.0021127s19uu xx 00 eng d aPHS HQ 755.8b.F73 2001 aFrancisco, Mavis May S. aEffects of single parenthood on the emotional and psychological well-being of their children /cMavis May S. Francisco. aLas Piñas City, Philippines :bSouthville International School and Colleges,c2001. a31 pages :billustrations ;c28 cm. aIncludes bibliographical references. aSingle-parent familiesxPsychological aspects. aChildren of single parentsxPsychology. aEmotional development in children. aParent and childxPsychological aspects.